Langage C - Concepts de base - Statistiques

Statistiques générales
  • Ce quiz a été pris 30 fois
  • Le résultat moyen est 9 sur 15
Statistiques - réponses
Hint Réponse % Correct
Mot permettant de typer une variable entière int
100%
Mot permettant de typer une variable booléenne bool
79%
Mot permettant de typer une variable réelle float
79%
Type utilisé pour initialiser une fonction qui ne renvoie rien void
75%
Mot utilisé pour prendre une variable saisie par l'utilisateur scanf
71%
Outil permettant d'interagir directement sur la mémoire, en manipulant les adresses (très tordu pour les débutants) pointeur
67%
Mot utilisé pour afficher du texte en console printf
67%
Mot permettant de libérer la mémoire utilisée free
58%
Mot permettant d'allouer dynamiquement de la mémoire malloc
58%
Mot permettant de créer ce dernier struct
54%
L'étape consistant à transformer un programme de hautniveau en langage machine est la compilation
42%
Element permettant de regrouper plusieurs "sous-variables"à l'intérieur d'une variable structure
42%
Si on initialise un tableau sans utiliser de pointeurs, alors letableau sera statique
29%
Lorsqu'on passe en paramètre le nom d'une variableprécédé de &, on effectue un passage par référence
25%
En mettant un pointeur vers un élément de même type à l'intérieur de celle-ci, on peut créer une : liste chainée
13%
Aucun quiz correspondant
Distribution des résultats
% des personnes avec chaque résultat
Percentile par nombre de réponses
Votre historique - résultats
Vous n’avez pas pris ce quiz